000 00223nam a22000857a 4500
008 160917b xxu||||| |||| 00| 0 eng d
100 _9628
_aPurang Y.P
245 _aComposite Science-7
260 _aNew Delhi
_bAPC publication
_c2012
999 _c3287
_d3287